| 000 | 01186cam a2200373Ia 4500 | ||
|---|---|---|---|
| 001 | 90585 | ||
| 005 | 20230411090049.0 | ||
| 008 | 030716s1977 sp 000 0 spa d | ||
| 035 | _a(OCoLC)ocm52626742 | ||
| 040 |
_aUBP _bspa _cUBP _dOCLCQ _dBNM |
||
| 020 | _a8429707867 | ||
| 020 | _a9788429707861 | ||
| 035 | _a(OCoLC)52626742 | ||
| 041 | 1 |
_aspa _hger |
|
| 090 |
_aH83 _b.W4318 P4 1977 |
||
| 049 | _aGRAL | ||
| 100 | 1 |
_aWeber, Max, _d1864-1920. |
|
| 240 | 1 | 0 |
_aGesammelte anfsèatze zur wuissenschafslehre. _lespañol |
| 245 | 1 | 0 |
_aSobre la teoría de las ciencias sociales / _cMax Weber ; traducción Michael Faber-Kaiser. |
| 250 | _a3. ed. | ||
| 260 |
_aBarcelona : _bEdiciones Península, _c1977. |
||
| 300 |
_a161 p. ; _c19 cm. |
||
| 440 | 0 |
_aEdiciones de bolsillo ; _v73 |
|
| 500 | _aTraducción de: Gesammelte Aufsèatze zur Wissenschaftslehre. | ||
| 600 | 1 | 4 |
_aWeber, Max, _d1864-1920. |
| 650 | 4 |
_aCiencias sociales _xDiscursos, ensayos, conferencias. |
|
| 650 | 7 |
_aCiencias sociales. _2embne |
|
| 700 | 1 | _aFaber-Kaiser, Michael. | |
| 942 |
_2lcc _cbk |
||
| 994 |
_aC0 _bDRFGD |
||
| 650 | 4 | _aces | |
| 650 | 4 | _acoleccion enriquillo sanchez | |
| 946 | _asadt | ||
| 999 |
_c111827 _d111827 |
||